Sports Quiz

Random Sports or Country Quiz

Countries With Sub-10 Runners Quiz Stats

Quiz not verified by Sporcle

Challenge
Share
Tweet
Embed
Score 0/19 Timer 03:00
0 Plays Today
Nation % Correct
United States of America
99.3%
Jamaica
98.5%
United Kingdom
94.8%
France
91.1%
Canada
90.4%
Trinidad and Tobago
81.5%
Cuba
63.7%
Bahamas
60.7%
Australia
60%
Nigeria
58.5%
Nation % Correct
Saint Kitts and Nevis
55.6%
Barbados
50.4%
Netherlands*
39.3%
Ghana
34.1%
Namibia
32.6%
Antigua and Barbuda
31.9%
Norway
22.2%
Zimbabwe
16.3%
Qatar
14.1%

You're not logged in!

Compare scores with friends on all Sporcle quizzes.
Sign Up with Email
OR
Log In

You Might Also Like...

Show Comments

Extras

Top Quizzes Today


Score Distribution

Your Account Isn't Verified!

In order to create a playlist on Sporcle, you need to verify the email address you used during registration. Go to your Sporcle Settings to finish the process.